Las dudas de Salaì / (Record no. 195903)

MARC details
000 -LEADER
campo de control de longitud fija 01371nam a2200385 i 4500
001 - NÚMERO DE CONTROL
campo de control 195903
003 - IDENTIFICADOR DE NÚMERO DE CONTROL
campo de control ES-MaACL
005 - FECHA Y HORA DE LA ÚLTIMA TRANSACCIÓN
campo de control 20250804062708.0
008 - DATOS DE LONGITUD FIJA--INFORMACIÓN GENERAL
campo de control de longitud fija 240802s2008 sp |||| |||| 0|0 f spa d
017 ## - NÚMERO DE COPYRIGHT O DE DEPÓSITO LEGAL
Número de copyright o de depósito legal DL B. 41985-2008,
Agencia que asigna Biblioteca de Catalunya
020 ## - NÚMERO INTERNACIONAL ESTÁNDAR DEL LIBRO
Número Internacional Estándar del Libro 9788492429516
035 ## - NÚMERO DE CONTROL DEL SISTEMA
Número de control de sistema Rebiun10396925
040 ## - FUENTE DE CATALOGACIÓN
Centro catalogador/agencia de origen ES-BaBC.
Lengua de catalogación cat.
Centro/agencia transcriptor ES-BaBC
080 ## - NÚMERO DE LA CLASIFICACIÓN DECIMAL UNIVERSAL
Número de la Clasificación Decimal Universal 850-3"20"
100 0# - ENTRADA PRINCIPAL--NOMBRE DE PERSONA
Nombre de persona Monaldi, Rita
9 (RLIN) 82102
245 14 - MENCIÓN DEL TÍTULO
Título Las dudas de Salaì /
Mención de responsabilidad, etc. Monaldi & Sorti ; traducción de César Palma.
260 ## - PUBLICACIÓN, DISTRIBUCIÓN, ETC.
Lugar de publicación, distribución, etc. Barcelona :
Nombre del editor, distribuidor, etc. Roca,
Fecha de publicación, distribución, etc. 2008
300 ## - DESCRIPCIÓN FÍSICA
Extensión 349 p. ;
Dimensiones 24 cm
336 ## - TIPO DE CONTENIDO
Fuente rdacontent
Término de tipo de contenido texto
337 ## - TIPO DE MEDIO
Fuente rdamedia
Nombre/término del tipo de medio sin mediación
338 ## - TIPO DE SOPORTE
Fuente rdacarrier
Nombre/término del tipo de soporte volumen
490 1# - MENCIÓN DE SERIE
Mención de serie Histórica
500 ## - NOTA GENERAL
Nota general Catalogación provisional. Signatura: N-9022. Depósito J.
655 #0 - TERMINO DE INDIZACIÓN--GENERO/FORMA
Datos o término principal de género/forma Novelas
9 (RLIN) 234319
700 1# - ENTRADA AGREGADA--NOMBRE PERSONAL
Nombre de persona Sorti, Francesco
9 (RLIN) 237681
700 0# - ENTRADA AGREGADA--NOMBRE PERSONAL
Nombre de persona Palma, César
9 (RLIN) 88608
830 ## - PUNTO DE ACCESO ADICIONAL DE SERIE-TÍTULO UNIFORME
Título uniforme Histórica
9 (RLIN) 239884
852 ## - LOCALIZACIÓN
Ubicación ES-MaACL
Sublocalización o colección R. 152732
Ubicación en estantería Depósito J
Número de control de estantería N-9022
Donativo/Legado Donación: José Lázaro García
Encuadernación Encuadernación: Cartoné con sobrecubiertas
itemnumber 204880
903 ## - NOMBRE PERSONAL DE DONANTE
9 234219
a Lázaro García, José
e Donante
942 ## - ELEMENTOS DE ENTRADA SECUNDARIOS (KOHA)
Tipo de ítem Koha Libro impreso
Suprimir en OPAC No
954 ## - CATALOGADOR -ALTA REGISTRO
Estado de la copia Tatiana Alejandra de Castro Pérez
Holdings
Estatus retirado Estado de pérdida Fuente del sistema de clasificación o colocación Estado de daño No para préstamo Biblioteca de origen Biblioteca actual Ubicación en estantería Fecha de adquisición Fuente de adquisición Total de préstamos Signatura topográfica completa Código de barras Visto por última vez Precio de reemplazo Tipo de ítem Koha
    Clasificación decimal universal     Biblioteca del Ateneo de Madrid Biblioteca del Ateneo de Madrid Depósito J 24/03/2025 Donación   N-9022 101229728 24/03/2025 24/03/2025 Libro impreso